zpět

Detail výsledku týmu

The PUB Praha 6 , Praha

Datum a čas kvízu

25.5 Celkem bodů Celkový počet nahraných bodů na tomto kvízu bez doplňovacích otázek.
13. Pořadí na kvízu Konečné umístění týmu na tomto kvízu.

Zaznamenané odpovědi

# Otázka Odpověď Body Výsledky
1. Bývalý premiér Jiří Paroubek s... Nespokojení 1
2. Ukrajinská pošta vydala k přip... Banksy 1
3. Ve středu měl premiéru rodinný... Děti Nagana 1
4. Jistá země nakoupila nedávno n... B 1
5. Česká reprezentace odjela z mi... Markéta Davidová 1
6. Téma o dezertech vyhrálo minul... z Portugalska 0
7. Jak se nazývá dezert v podobě... B) Pečená Aljaška, z Francie 1
8. Jak se jmenovala tato žena, če... Magdalena Dobromila Rettigová 0
9. Ze kterého města, které je dom... ze Salcburku 0
10. Koupil jsem v cukrárně ___, sl... Lence 0